=LDR 00000nam 2200000 4500 =001 INLIS000000000033978 =005 20130612135912 =008 ***********************************ind** =035 ##$$0010-061300000033978 =041 ##$$a ind =082 ##$$a 813 =090 ##$$a 813, Jek f =100 ##$$a Jefferies, Cindi =245 ##$$a Fame school : calon bintang, Andy jefferies;alih bahasa, Roni siahaan =260 ##$$a 2005 $b Jakarta =300 ##$$a 128 hlm, 17 cm =650 ##$$a Fiksi Indonesia =850 ##$$a NBPNMAT